ბათუმის შოთა რუსთაველის სახელმწიფო უნივერსიტეტის ბიბლიოთეკა

Водный режим красноземных почв. (ბიბ.ჩანაწერი № 45847)

000 -LEADER
fixed length control field 00599nam a2200205Ia 4500
001 - CONTROL NUMBER
control field 12676
003 - CONTROL NUMBER IDENTIFIER
control field GE_BSU
008 - FIXED-LENGTH DATA ELEMENTS--GENERAL INFORMATION
fixed length control field 181216s||||||||xx |||||||||||||| ||und||
040 ## - CATALOGING SOURCE
Transcribing agency GE_BSU
080 ## - UNIVERSAL DECIMAL CLASSIFICATION NUMBER
Universal Decimal Classification number 631.8(479.22)
100 ## - MAIN ENTRY--PERSONAL NAME
Personal name Дараселия,М.К.
245 ## - TITLE STATEMENT
Title Водный режим красноземных почв.
245 ## - TITLE STATEMENT
Remainder of title Труды ин-та вып.12
245 ## - TITLE STATEMENT
Statement of responsibility, etc. Отв.ред.Л.В.Маруашвили
260 ## - PUBLICATION, DISTRIBUTION, ETC.
Place of publication, distribution, etc. Тбилиси
260 ## - PUBLICATION, DISTRIBUTION, ETC.
Date of publication, distribution, etc. 1939
300 ## - PHYSICAL DESCRIPTION
Extent 144стр.26см.
653 ## - INDEX TERM--UNCONTROLLED
Uncontrolled term Водный режим красноземных почв.
942 ## - ADDED ENTRY ELEMENTS (KOHA)
Koha item type წიგნი
ეგზემპლარები
Withdrawn status Lost status Damaged status Not for loan Date acquired Barcode Date last seen Price effective from Koha item type
        2018-12-17 20935 2018-12-17 2018-12-17 წიგნი
        2018-12-17 20936 2018-12-17 2018-12-17 წიგნი